00446nam a22001337a 4500003000500000038001800005082000800023100001900031245012400050264003300174650001700207700003100224856005700255NUST aNusrat Nadeem a200 aPerveen, Saima aRealization of Colossal Permittivity in Ferrite-based Nanocomposites for Multifunctional Applications/c Saima Perveen, aIslamabad:bSNS NUST.c2025. aPhD-Physics  aSupervisor: Dr. Fahad Azad uhttp://10.250.8.41:8080/xmlui/handle/123456789/56137